[Event "Voronezh op-B 22nd"]
[Site "Voronezh"]
[Date "2018.06.16"]
[Round "5"]
[White "Lilov, Aleksandr"]
[Black "Nakonechny, Ignat"]
[Result "1-0"]
[WhiteElo "2046"]
[BlackElo "1890"]
[PlyCount "141"]
[EventDate "2018.06.12"]
[EventType "swiss"]
[EventRounds "9"]
[EventCountry "RUS"]
[SourceTitle "CBM 185 Extra"]
[Source "ChessBase"]
[SourceDate "2018.07.29"]
[SourceVersion "1"]
[SourceVersionDate "2018.07.29"]
[SourceQuality "1"]

1. e4 c5 2. Nf3 e6 3. d4 cxd4 4. Nxd4 Nf6 5. Nc3 d6 6. Be3 a6 7. Be2 Be7 8. 0-0 0-0 9. f4 Qc7 10. Qe1 Nc6 11. Qg3 e5 12. fxe5 Nxe5 13. Nf5 Bxf5 14. Rxf5 Qc6 15. Bd3 b5 16. Bg5 Kh8 17. Raf1 Rac8 18. Qh3 Qd7 19. Bxf6 Bxf6 20. Nd5 Bd8 21. Rxf7 Rxf7 22. Rxf7 Qxf7 23. Qxc8 Qf8 24. Qf5 Qe8 25. Nf4 g6 26. Qh3 Qf8 27. Nd5 Bg5 28. Qg3 Bc1 29. Qf2 Qxf2+ 30. Kxf2 Bxb2 31. Nc7 Bc3 32. Nxa6 b4 33. Ke2 Kg8 34. Nc7 Bd4 35. Nd5 Bc5 36. Kd2 Kf7 37. Be2 Ke6 38. c3 bxc3+ 39. Kxc3 Nc6 40. Kc4 Ke5 41. Bf3 g5 42. a4 Bg1 43. h3 Bf2 44. Kb5 Nd4+ 45. Ka6 Nb3 46. Nb4 Bg1 47. a5 Kf4 48. Nd5+ Kg3 49. Kb5 Nd4+ 50. Kc4 Nxf3 51. gxf3 h5 52. Nf6 Kxf3 53. Nxh5 Kxe4 54. Nf6+ Ke5 55. Nd5 Ke4 56. Nb6 d5+ 57. Nxd5 Ba7 58. Nb6 Kf4 59. Kb5 Kg3 60. Ka6 Bxb6 61. axb6 Kxh3 62. b7 g4 63. b8Q g3 64. Qh8+ Kg2 65. Qh4 Kf3 66. Kb5 Kf2 67. Kc4 Kf3 68. Kd3 Kf2 69. Ke4 Kg1 70. Qxg3+ Kh1 71. Qg4 1-0

[Event "Voronezh op-B 20th"]
[Site "Voronezh"]
[Date "2016.06.18"]
[Round "6"]
[White "Lilov, Aleksandr"]
[Black "Filippov, Vladimir Mikhailovi"]
[Result "1-0"]
[WhiteElo "2006"]
[BlackElo "1846"]
[PlyCount "61"]
[EventDate "2016.06.12"]
[EventType "swiss"]
[EventRounds "9"]
[EventCountry "RUS"]
[SourceTitle "EXT 2017"]
[Source "ChessBase"]
[SourceDate "2016.10.25"]
[SourceVersion "1"]
[SourceVersionDate "2016.10.25"]
[SourceQuality "1"]

1. e4 g6 2. d4 Bg7 3. Nc3 d6 4. f4 Nf6 5. Nf3 0-0 6. e5 dxe5 7. fxe5 Nh5 8. Bc4 Nc6 9. Be3 Na5 10. Be2 f5 11. Ng5 f4 12. Bf2 Bh6 13. Nce4 Ng7 14. b4 Nc6 15. Bc4+ e6 16. Nf6+ Rxf6 17. exf6 Bxg5 18. fxg7 Nxb4 19. 0-0 Nd5 20. Re1 Kxg7 21. Qf3 c6 22. Bb3 Bd7 23. c4 Ne7 24. h4 Bh6 25. d5 exd5 26. Bd4+ Kg8 27. cxd5 Nxd5 28. Bxd5+ cxd5 29. Qxd5+ Kf8 30. Bc5+ Kg7 31. Re7+ 1-0

[Event "Voronezh op-B 20th"]
[Site "Voronezh"]
[Date "2016.06.16"]
[Round "5"]
[White "Sakorenko, Adriana"]
[Black "Lilov, Aleksandr"]
[Result "1/2-1/2"]
[WhiteElo "1879"]
[BlackElo "2006"]
[PlyCount "98"]
[EventDate "2016.06.12"]
[EventType "swiss"]
[EventRounds "9"]
[EventCountry "RUS"]
[SourceTitle "EXT 2017"]
[Source "ChessBase"]
[SourceDate "2016.10.25"]
[SourceVersion "1"]
[SourceVersionDate "2016.10.25"]
[SourceQuality "1"]

1. e4 e5 2. Nf3 Nc6 3. Bc4 Nf6 4. d3 Bc5 5. 0-0 d6 6. a4 Be6 7. Qe2 Qd7 8. c3 Bxc4 9. dxc4 a5 10. h3 h6 11. Rd1 g5 12. Nh2 Ne7 13. Ng4 Qe6 14. Nd2 h5 15. Nxf6+ Qxf6 16. Nb3 Bb6 17. c5 Bxc5 18. Nxc5 dxc5 19. Qb5+ Qc6 20. Bxg5 b6 21. Bf6 Rh6 22. Bxe5 Qxb5 23. axb5 c6 24. bxc6 Rxc6 25. Rd2 Ng6 26. Bh2 Rd8 27. Rad1 Rxd2 28. Rxd2 b5 29. Rd5 b4 30. Kf1 a4 31. cxb4 cxb4 32. Ke2 b3 33. Bd6 Rc2+ 34. Rd2 a3 35. Bxa3 Nf4+ 36. Kd1 Nxg2 37. Rxc2 bxc2+ 38. Kxc2 Nf4 39. Kd2 Nxh3 40. Ke3 Ng5 41. Kf4 Ne6+ 42. Kf5 Kd7 43. Bb4 h4 44. Bc3 Nc5 45. f3 h3 46. Be5 Nd3 47. Bh2 Nxb2 48. Kg4 Ke6 49. Kxh3 f5 1/2-1/2

[Event "Nezhmetdinov Memorial 38th"]
[Site "Kazan"]
[Date "2016.06.06"]
[Round "7"]
[White "Bezdenezhnyh, Pavel"]
[Black "Lilov, Aleksandr"]
[Result "1/2-1/2"]
[WhiteElo "2181"]
[BlackElo "1935"]
[PlyCount "67"]
[EventDate "2016.05.31"]
[EventType "swiss"]
[EventRounds "9"]
[EventCountry "RUS"]
[SourceTitle "CBM 172 Extra"]
[Source "ChessBase"]
[SourceDate "2016.06.21"]
[SourceVersion "1"]
[SourceVersionDate "2016.06.21"]
[SourceQuality "1"]

1. e4 e5 2. Nf3 Nc6 3. Nc3 Nf6 4. Be2 Bb4 5. Nd5 Nxe4 6. Nxb4 Nxb4 7. d3 Nf6 8. Nxe5 d6 9. Nf3 Be6 10. c3 Nbd5 11. c4 Nb6 12. b3 d5 13. Bb2 dxc4 14. dxc4 0-0 15. Qc2 h6 16. 0-0 Qe7 17. Rfe1 c5 18. Nh4 Nh7 19. Nf5 Bxf5 20. Qxf5 Qg5 21. Qxg5 Nxg5 22. h4 Ne6 23. Bf3 Rad8 24. Bxb7 Rd2 25. Bc3 Rd3 26. Rac1 Rfd8 27. Be4 R3d6 28. Kf1 Nd4 29. Rcd1 g6 30. Bb1 Kf8 31. Bb2 Ne6 32. Rxd6 Rxd6 33. g3 Nd7 34. Bc3 1/2-1/2